| 000 | 004600000a22001810004500 | ||
|---|---|---|---|
| 003 | LK-CoMWRAF | ||
| 008 | 230817t ||||| |||| 00| 0 eng d | ||
| 040 |
_aLK-CoMWRAF _dLK-CoMWRAF _eLK-CoMWRAF |
||
| 041 | _aeng | ||
| 082 |
_a010 _bAHM |
||
| 100 | _aAhmed, Ayjas | ||
| 245 |
_aFascism Pazhasum Pudhusum _bGramsciyin Ezhuthukkal Indram Nammudan |
||
| 260 |
_aChennai _bSAB _c1995 |
||
| 300 | _ap.46 | ||
| 650 | _aliterature | ||
| 650 | _aTamil | ||
| 942 | _cBK | ||
| 999 |
_c2719 _d2719 |
||